[Event "Tatarstan-ch"]
[Site "Kazan"]
[Date "2016.09.24"]
[Round "9"]
[White "Samusenko, Aleksandr Vladislav"]
[Black "Tsaregorodtsev, Mikhail"]
[Result "1-0"]
[WhiteElo "2308"]
[BlackElo "1958"]
[PlyCount "73"]
[EventDate "2016.09.16"]
[EventType "swiss"]
[EventRounds "9"]
[EventCountry "RUS"]
[SourceTitle "CBM 174 Extra"]
[Source "ChessBase"]
[SourceDate "2016.10.10"]
[SourceVersion "1"]
[SourceVersionDate "2016.10.10"]
[SourceQuality "1"]

1. d4 e6 2. Bf4 f5 3. e3 Nf6 4. Nf3 b6 5. Be2 Bb7 6. 0-0 Be7 7. h3 0-0 8. c4 Ne4 9. Nfd2 d6 10. Nxe4 Bxe4 11. Nc3 Bb7 12. Bf3 Qc8 13. b4 Nd7 14. Rc1 e5 15. Bxb7 Qxb7 16. dxe5 Nxe5 17. Nd5 c6 18. Nxe7+ Qxe7 19. Qd4 Rad8 20. c5 bxc5 21. bxc5 Rfe8 22. cxd6 Rxd6 23. Qa4 Qd7 24. Rc5 Rd5 25. Rxd5 Qxd5 26. Bxe5 Rxe5 27. Rd1 Qc5 28. Rd8+ Kf7 29. Rc8 a5 30. Rxc6 Qd5 31. Ra6 h6 32. Ra7+ Kg8 33. Qc2 Qc5 34. Qb3+ Qd5 35. Qb8+ Kh7 36. Qc7 Qd1+ 37. Kh2 1-0

[Event "Tatarstan-ch"]
[Site "Kazan"]
[Date "2016.09.18"]
[Round "3"]
[White "Samusenko, Aleksandr Vladislav"]
[Black "Ponfilenok, Vladimir"]
[Result "1/2-1/2"]
[WhiteElo "2308"]
[BlackElo "2390"]
[PlyCount "81"]
[EventDate "2016.09.16"]
[EventType "swiss"]
[EventRounds "9"]
[EventCountry "RUS"]
[SourceTitle "CBM 174 Extra"]
[Source "ChessBase"]
[SourceDate "2016.10.10"]
[SourceVersion "1"]
[SourceVersionDate "2016.10.10"]
[SourceQuality "1"]

1. d4 e6 2. Bf4 f5 3. e3 Nf6 4. Nf3 Be7 5. h3 0-0 6. Bd3 c5 7. c3 Nc6 8. Nbd2 d5 9. 0-0 Ne4 10. Ne5 Qb6 11. Rb1 Nxd2 12. Qxd2 Bf6 13. Nxc6 Qxc6 14. b4 c4 15. Bc2 b5 16. a4 a6 17. f3 Bb7 18. Qf2 Qd7 19. a5 g5 20. Qg3 Qg7 21. Bd6 Rfd8 22. Be5 Bxe5 23. dxe5 Bc6 24. Rbd1 Rf8 25. f4 h6 26. Rd4 Ra7 27. Kh2 Be8 28. Bd1 Qg6 29. Qf2 Rg7 30. Bc2 Qh5 31. g3 Qf7 32. Rg1 Qe7 33. Bd1 Bg6 34. Be2 Qe8 35. Bd1 Bh5 36. Bc2 Qe7 37. Rd2 Qa7 38. Rd4 Qe7 39. Rd2 Kh8 40. Rd4 Rfg8 41. Rg2 1/2-1/2

[Event "Nabereznye Chelny op 8th"]
[Site "Nabereznye Chelny"]
[Date "2010.01.21"]
[Round "3"]
[White "Alavkin, Arseny Nailievich"]
[Black "Samusenko, Aleksandr Vladislav"]
[Result "1-0"]
[WhiteElo "2446"]
[BlackElo "2324"]
[PlyCount "33"]
[EventDate "2010.01.19"]
[EventType "swiss"]
[EventRounds "9"]
[EventCountry "RUS"]
[SourceTitle "CBM 134 Extra"]
[Source "ChessBase"]
[SourceDate "2010.03.03"]
[SourceVersion "1"]
[SourceVersionDate "2010.03.03"]
[SourceQuality "1"]

1. e4 d6 2. d4 Nf6 3. Nc3 c6 4. f4 Qa5 5. Bd3 e5 6. Nf3 exd4 7. Nxd4 Qb6 8. Nf3 Be7 9. a4 a5 10. Qe2 Bg4 11. Be3 Qxb2 12. Kd2 Nxe4+ 13. Nxe4 Qb4+ 14. c3 Qb3 15. Rhb1 Qe6 16. Rxb7 0-0 17. f5 1-0

[Event "Tatarstan-ch op"]
[Site "Kazan"]
[Date "2008.08.26"]
[Round "6"]
[White "Samusenko, Aleksandr Vladislav"]
[Black "Yandemirov, Valeri"]
[Result "1/2-1/2"]
[WhiteElo "2332"]
[BlackElo "2463"]
[PlyCount "40"]
[EventDate "2008.08.21"]
[EventType "swiss"]
[EventRounds "9"]
[EventCountry "RUS"]
[SourceTitle "EXT 2010"]
[Source "ChessBase"]
[SourceDate "2010.11.25"]
[SourceVersion "1"]
[SourceVersionDate "2010.11.25"]
[SourceQuality "1"]

1. Nf3 Nf6 2. c4 g6 3. Nc3 d5 4. Qa4+ Bd7 5. Qb3 dxc4 6. Qxc4 a6 7. d4 b5 8. Qb3 c5 9. dxc5 Bg7 10. e4 0-0 11. Be2 Bc6 12. e5 Nfd7 13. Be3 Nxe5 14. Nxe5 Bxe5 15. Rd1 Qc7 16. Nd5 Bxd5 17. Qxd5 Nc6 18. Bf3 Rac8 19. Qxc6 Qxc6 20. Bxc6 Rxc6 1/2-1/2

[Event "Tatarstan-ch op"]
[Site "Kazan"]
[Date "2008.08.22"]
[Round "2"]
[White "Pushkin, Eduard"]
[Black "Samusenko, Aleksandr Vladislav"]
[Result "0-1"]
[WhiteElo "2216"]
[BlackElo "2332"]
[PlyCount "114"]
[EventDate "2008.08.21"]
[EventType "swiss"]
[EventRounds "9"]
[EventCountry "RUS"]
[SourceTitle "EXT 2010"]
[Source "ChessBase"]
[SourceDate "2010.11.25"]
[SourceVersion "1"]
[SourceVersionDate "2010.11.25"]
[SourceQuality "1"]

1. c4 g6 2. g3 Bg7 3. Bg2 d6 4. Nc3 e5 5. e3 Nc6 6. Nge2 h5 7. h4 Bg4 8. d3 Nge7 9. a3 a6 10. Nd5 Nxd5 11. cxd5 Ne7 12. Bd2 c6 13. dxc6 bxc6 14. Rc1 0-0 15. 0-0 Qd7 16. Re1 Rfc8 17. Qc2 Rab8 18. Nc3 c5 19. Nd5 Be6 20. Nxe7+ Qxe7 21. e4 Bb3 22. Qb1 Kh7 23. Bf3 Bh6 24. Re2 Bxd2 25. Rxd2 Rc7 26. Kg2 Be6 27. b4 cxb4 28. Rxc7 Qxc7 29. axb4 Qc3 30. Qd1 Kg7 31. d4 Rxb4 32. dxe5 dxe5 33. Rd3 Qb2 34. Bxh5 Rxe4 35. Rd2 Qb3 36. Bf3 Qxd1 37. Rxd1 Ra4 38. Re1 Kf6 39. h5 gxh5 40. Bxh5 a5 41. Bf3 Rd4 42. Ra1 a4 43. Bd1 Bb3 44. Bxb3 axb3 45. Ra6+ Ke7 46. Rb6 Rd3 47. g4 Kd7 48. g5 Kc7 49. Rb5 Kc6 50. Rxe5 b2 51. Re1 Rb3 52. Rb1 Kd5 53. f3 Ke5 54. Kg3 Kf5 55. Kh4 Kf4 56. Kh5 Rb6 57. Kh4 Kxf3 0-1

[Event "Tatarstan-ch op"]
[Site "Kazan"]
[Date "2007.08.26"]
[Round "7"]
[White "Murzin, Lenar"]
[Black "Samusenko, Aleksandr Vladislav"]
[Result "1/2-1/2"]
[WhiteElo "2205"]
[BlackElo "2313"]
[PlyCount "29"]
[EventDate "2007.08.20"]
[EventType "swiss"]
[EventRounds "9"]
[EventCountry "RUS"]
[SourceTitle "EXT 2009"]
[Source "ChessBase"]
[SourceDate "2008.11.26"]
[SourceVersion "1"]
[SourceVersionDate "2008.11.26"]
[SourceQuality "1"]

1. d4 Nf6 2. c4 g6 3. Nc3 Bg7 4. Nf3 0-0 5. e4 d6 6. Be2 e5 7. dxe5 dxe5 8. Qxd8 Rxd8 9. Bg5 Re8 10. Nd5 Nxd5 11. cxd5 c6 12. Bc4 b5 13. Bb3 Bb7 14. Rc1 Rc8 15. Be3 1/2-1/2

[Event "Tatarstan-ch op"]
[Site "Kazan"]
[Date "2007.08.23"]
[Round "4"]
[White "Samusenko, Aleksandr Vladislav"]
[Black "Akhmadeev, Vadim"]
[Result "0-1"]
[WhiteElo "2313"]
[BlackElo "2436"]
[PlyCount "110"]
[EventDate "2007.08.20"]
[EventType "swiss"]
[EventRounds "9"]
[EventCountry "RUS"]
[SourceTitle "EXT 2009"]
[Source "ChessBase"]
[SourceDate "2008.11.26"]
[SourceVersion "1"]
[SourceVersionDate "2008.11.26"]
[SourceQuality "1"]

1. d4 d5 2. c4 dxc4 3. Nf3 Nf6 4. e3 e6 5. Bxc4 c5 6. 0-0 a6 7. Bd3 Nc6 8. Nc3 cxd4 9. exd4 Be7 10. Bg5 0-0 11. Rc1 Nd5 12. Nxd5 Bxg5 13. Nxg5 Qxg5 14. Nb6 Rb8 15. Qc2 g6 16. Qc5 Qxc5 17. dxc5 e5 18. Bc4 Rd8 19. Rfd1 Bf5 20. f3 h5 21. Nd5 Kg7 22. Ne3 Bd7 23. Rd6 Be8 24. Rcd1 Nd4 25. Rxd8 Rxd8 26. Kf2 Rc8 27. b4 a5 28. a3 axb4 29. axb4 Ra8 30. Nd5 Bc6 31. Nb6 Ra3 32. Rd2 g5 33. Rb2 Nb5 34. Bxb5 Bxb5 35. Nc8 Ra1 36. Nd6 Rf1+ 37. Ke3 Re1+ 38. Kd2 Re2+ 39. Kc3 Re3+ 40. Kc2 Re2+ 41. Kb3 Re3+ 42. Ka2 Bd7 43. Nxb7 Rc3 44. Rd2 Be6+ 45. Kb1 g4 46. fxg4 hxg4 47. Na5 f5 48. Kb2 Re3 49. b5 f4 50. c6 f3 51. gxf3 gxf3 52. Kc1 Re1+ 53. Kb2 Re2 54. Kc3 f2 55. Rxe2 f1Q 0-1

[Event "Tatarstan-ch op"]
[Site "Kazan"]
[Date "2007.08.20"]
[Round "1"]
[White "Zigangareev, Makhmut"]
[Black "Samusenko, Aleksandr Vladislav"]
[Result "1/2-1/2"]
[WhiteElo "2106"]
[BlackElo "2313"]
[PlyCount "78"]
[EventDate "2007.08.20"]
[EventType "swiss"]
[EventRounds "9"]
[EventCountry "RUS"]
[SourceTitle "EXT 2009"]
[Source "ChessBase"]
[SourceDate "2008.11.26"]
[SourceVersion "1"]
[SourceVersionDate "2008.11.26"]
[SourceQuality "1"]

1. e4 c5 2. Nf3 Nc6 3. d4 cxd4 4. Nxd4 Nf6 5. Nc3 e5 6. Ndb5 d6 7. Bg5 a6 8. Na3 b5 9. Nd5 Be7 10. Bxf6 Bxf6 11. c3 Bb7 12. Nc2 Bg5 13. g3 0-0 14. Bg2 a5 15. 0-0 Ne7 16. Nce3 Bxe3 17. Nxe3 Qb6 18. Qd2 Rfd8 19. Rad1 Ba6 20. Rfe1 Rab8 21. h4 b4 22. c4 Bc8 23. b3 Be6 24. Bf3 Nc6 25. Kg2 a4 26. Bg4 Ra8 27. Nf5 Bxf5 28. exf5 f6 29. Bf3 Kh8 30. h5 h6 31. Bxc6 Qxc6+ 32. Qd5 Qb6 33. Re3 Ra5 34. Qe4 axb3 35. axb3 Ra2 36. Rd5 Rb8 37. Qd3 Qc6 38. Re4 Rb6 39. Re1 Raa6 1/2-1/2

[Event "Privolzhskogo FO-ch"]
[Site "Togliatti"]
[Date "2007.03.27"]
[Round "6"]
[White "Samusenko, Aleksandr Vladislav"]
[Black "Gazizov, Iljas"]
[Result "0-1"]
[WhiteElo "2308"]
[BlackElo "2110"]
[PlyCount "56"]
[EventDate "2007.03.22"]
[EventType "swiss"]
[EventRounds "9"]
[EventCountry "RUS"]
[SourceTitle "EXT 2010"]
[Source "ChessBase"]
[SourceDate "2010.11.25"]
[SourceVersion "1"]
[SourceVersionDate "2010.11.25"]
[SourceQuality "1"]

1. Nf3 d5 2. d4 Nf6 3. c4 c6 4. Qc2 g6 5. Bf4 Bg7 6. e3 0-0 7. Nc3 Bf5 8. Qb3 Qb6 9. h3 Qxb3 10. axb3 h6 11. g4 Bc2 12. Rc1 Bxb3 13. Nd2 Bxc4 14. Nxc4 dxc4 15. Bxc4 Nbd7 16. e4 Nb6 17. Bb3 Rfd8 18. Be3 Ne8 19. e5 Nc7 20. Ne4 Nb5 21. Rd1 Nd5 22. Ke2 a5 23. Ra1 Nf4+ 24. Kf3 Nd3 25. Rhd1 Nxd4+ 26. Bxd4 Rxd4 27. Ke3 Rxe4+ 28. Kxe4 Nxf2+ 0-1

[Event "Moscow Beliaev Memorial 7th"]
[Site "Moscow"]
[Date "2006.12.24"]
[Round "9"]
[White "Samusenko, Aleksandr Vladislav"]
[Black "Murzin, Lenar"]
[Result "1/2-1/2"]
[WhiteElo "2308"]
[BlackElo "2205"]
[PlyCount "76"]
[EventDate "2006.12.16"]
[EventType "swiss"]
[EventRounds "9"]
[EventCountry "RUS"]
[SourceTitle "EXT 2008"]
[Source "ChessBase"]
[SourceDate "2007.11.25"]
[SourceVersion "1"]
[SourceVersionDate "2007.11.25"]
[SourceQuality "1"]

1. e4 c5 2. Nc3 Nc6 3. Nf3 e6 4. d4 cxd4 5. Nxd4 Qc7 6. g3 a6 7. Bg2 d6 8. 0-0 Bd7 9. a4 Nf6 10. Nb3 b6 11. f4 Be7 12. Be3 0-0 13. g4 Bc8 14. g5 Nd7 15. f5 Re8 16. f6 Bf8 17. fxg7 Bxg7 18. Rxf7 Kxf7 19. Qh5+ Kg8 20. Qxe8+ Nf8 21. Rf1 Bb7 22. Qh5 Ne5 23. Qh3 Re8 24. Nd2 Nfg6 25. Qg3 Rf8 26. h4 Bc6 27. h5 Ne7 28. Rxf8+ Bxf8 29. Bh3 Bd7 30. Qf2 Bg7 31. Bxb6 Qb8 32. a5 Qe8 33. Qe2 N7c6 34. Nf1 Qf7 35. Kg2 Bc8 36. Ng3 Nb4 37. Bd4 Nbc6 38. Bxe5 Bxe5 1/2-1/2

[Event "Moscow Beliaev Memorial 7th"]
[Site "Moscow"]
[Date "2006.12.23"]
[Round "8"]
[White "Kichubaev, Kamil Rashidovich"]
[Black "Samusenko, Aleksandr Vladislav"]
[Result "1/2-1/2"]
[WhiteElo "2378"]
[BlackElo "2308"]
[PlyCount "20"]
[EventDate "2006.12.16"]
[EventType "swiss"]
[EventRounds "9"]
[EventCountry "RUS"]
[SourceTitle "EXT 2008"]
[Source "ChessBase"]
[SourceDate "2007.11.25"]
[SourceVersion "1"]
[SourceVersionDate "2007.11.25"]
[SourceQuality "1"]

1. d4 Nf6 2. Nf3 g6 3. g3 Bg7 4. Bg2 0-0 5. 0-0 d6 6. c4 Nbd7 7. Nc3 e5 8. e4 c6 9. b3 Qb6 10. dxe5 dxe5 1/2-1/2

[Event "Moscow Beliaev Memorial 7th"]
[Site "Moscow"]
[Date "2006.12.17"]
[Round "2"]
[White "Tazetdinov, Roman"]
[Black "Samusenko, Aleksandr Vladislav"]
[Result "0-1"]
[WhiteElo "2158"]
[BlackElo "2308"]
[PlyCount "96"]
[EventDate "2006.12.16"]
[EventType "swiss"]
[EventRounds "9"]
[EventCountry "RUS"]
[SourceTitle "EXT 2008"]
[Source "ChessBase"]
[SourceDate "2007.11.25"]
[SourceVersion "1"]
[SourceVersionDate "2007.11.25"]
[SourceQuality "1"]

1. e4 c5 2. Nf3 Nc6 3. d4 cxd4 4. Nxd4 Nf6 5. Nc3 e5 6. Nb3 Bb4 7. Bd3 d5 8. exd5 Nxd5 9. Bd2 Bxc3 10. bxc3 0-0 11. 0-0 f5 12. Re1 Kh8 13. Bb5 Qc7 14. Qf3 Nf6 15. Be3 f4 16. Bc5 Bg4 17. Qd3 Rfd8 18. Qf1 Bf5 19. f3 Nd7 20. Qe2 Nxc5 21. Nxc5 Qb6 22. Qc4 Na5 23. Qb4 Rd5 24. Bd3 Qxc5+ 25. Qxc5 Rxc5 26. Bxf5 Re8 27. Rab1 Re7 28. Rb4 g5 29. h4 Rf7 30. Bd3 gxh4 31. Kf2 Rf6 32. Rh1 Rh6 33. Ke2 a6 34. a4 Rxc3 35. Be4 Rc7 36. Kd3 Rg7 37. Rh2 Rd7+ 38. Ke2 Kg7 39. Rh1 Kf8 40. Bf5 Rc7 41. Bd3 Ke7 42. Be4 Kd8 43. Rd1+ Kc8 44. Bf5+ Kb8 45. Rd8+ Ka7 46. Rd7 Rxd7 47. Bxd7 Rd6 48. Bf5 Nc6 0-1